|
|
|
|
| LEADER |
01929cam a2200517 i 4500 |
| 001 |
nkc20162794809 |
| 003 |
CZ PrNK |
| 005 |
20160718101406.0 |
| 007 |
ta |
| 008 |
160504s2016 xr abefe f 001 0 cze d |
| 015 |
|
|
|a cnb002794809
|
| 020 |
|
|
|a 978-80-7462-938-9
|q (brožováno)
|
| 035 |
|
|
|a (OCoLC)953516300
|
| 040 |
|
|
|a ULG001
|b cze
|d BOA001
|e rda
|
| 041 |
1 |
|
|a cze
|h eng
|
| 043 |
|
|
|a e-mo---
|
| 072 |
|
7 |
|a 913(4)
|x Geografie Evropy, reálie, cestování
|2 Konspekt
|9 7
|
| 080 |
|
|
|a 913(497.16)
|2 MRF
|
| 080 |
|
|
|a (036)913
|2 MRF
|
| 100 |
1 |
|
|a Rellie, Annalisa
|7 xx0048770
|4 aut
|
| 240 |
1 |
0 |
|a Montenegro.
|l Česky
|
| 245 |
1 |
0 |
|a Černá Hora /
|c napsala Annalisa Rellieová ; aktualizace Rudolf Abraham ; z anglického originálu Montenegro .... přeložil Jan Sládek
|
| 246 |
3 |
|
|a Turistický průvodce - Černá Hora
|
| 250 |
|
|
|a Třetí vydání
|
| 264 |
|
1 |
|a Brno :
|b Jota, s.r.o.,
|c 2016
|
| 300 |
|
|
|a 386 stran, 7 nečíslovaných stran obrazových příloh :
|b ilustrace (některé barevné), mapy, plány ;
|c 20 cm
|
| 336 |
|
|
|a text
|b txt
|2 rdacontent
|
| 337 |
|
|
|a bez média
|b n
|2 rdamedia
|
| 338 |
|
|
|a svazek
|b nc
|2 rdacarrier
|
| 490 |
1 |
|
|a Průvodce ;
|v svazek 172
|
| 500 |
|
|
|a Obálkový podnázev: turistický průvodce
|
| 500 |
|
|
|a Česko-srbský a srbsko-český slovník
|
| 504 |
|
|
|a Obsahuje bibliografii, bibliografické odkazy a rejstřík
|
| 651 |
|
7 |
|a Černá Hora
|7 ge134642
|2 czenas
|
| 651 |
|
9 |
|a Montenegro
|2 eczenas
|
| 655 |
|
7 |
|a turistické průvodce
|7 fd133738
|2 czenas
|
| 655 |
|
9 |
|a tourist guidebooks
|2 eczenas
|
| 700 |
1 |
|
|a Abraham, Rudolf
|7 xx0151167
|4 aut
|
| 700 |
1 |
|
|a Sládek, Jan
|7 xx0042123
|4 trl
|
| 830 |
|
0 |
|a Průvodce (Jota)
|0 s
|
| 910 |
2 |
|
|a BOA001
|b 1-1367.860
|
| 920 |
|
|
|a KN3148000000831143
|z ULG001
|
| 990 |
|
|
|a BK
|
| 995 |
|
|
|a 01
|
| 991 |
|
|
|b 201606
|c NOV
|
| 996 |
6 |
|
|b 2610673386
|c 1-1367.860
|l MZK
|r Sklad / do 1 hodiny
|n 7
|p p.v.
|w 001565808
|u 000010
|a 1
|e BOA001
|j MZK50
|s P
|